| 000 | 00591nam a22002057a 4500 | ||
|---|---|---|---|
| 003 | 0 | ||
| 005 | 20251107154004.0 | ||
| 008 | 251107b xxu||||| |||| 00| 0 eng d | ||
| 020 | _a0-75285-922-6 | ||
| 050 |
_aPS 3558.O333 _b.H63 2005 |
||
| 100 |
_aHoag, Tami, _eauthor. |
||
| 245 |
_aKill the messenger / _cTami Hoag. |
||
| 260 |
_aLondon : _bOrions Books Ltd, _c2005. |
||
| 300 |
_avii, 423 pages ; _c18 cm. |
||
| 650 | _aSuspense fiction. | ||
| 650 |
_aMessengers _xFiction. |
||
| 650 |
_aMurder _xInvestigation _vFiction. |
||
| 650 |
_aLos Angeles (Calif.) _xFiction. |
||
| 942 |
_2lcc _cBK |
||
| 999 |
_c368510 _d368510 |
||